000 00306nam a22001337a 4500
008 180227b xxu||||| |||| 00| 0 eng d
020 _a0201600005
041 _aeng
080 _a658
100 _a54
101 _aMAN
245 _aSTAEGIC MANAGEMENT AN BUSINESS POLICY
_cHUNGER.W
942 _2udc
_cBK
999 _c43654
_d43654